| 000 | 00620nam a22001937a 4500 | ||
|---|---|---|---|
| 003 | NUST-PNEC | ||
| 005 | 20170116180709.0 | ||
| 008 | 141001b xxu||||| |||| 00| 0 eng d | ||
| 020 | _a 8123910002 | ||
| 040 | _cPNEC | ||
| 082 | _a668.41 ALL | ||
| 100 |
_9478 _aAllen, W.S. |
||
| 245 |
_aHandbook of plastic technology Volume 1 _cW S Allen; P N Baker; S C Bhatia |
||
| 260 |
_aNew Delhi : _bCBS Publishers, _c2004. |
||
| 300 |
_a510 p. : _bill. ; _c24 cm. |
||
| 500 | _aIncludes Index http://www.worldcat.org/title/handbook-of-plastic-technology/oclc/63114376&referer=brief_results | ||
| 650 | _xME | ||
| 942 |
_2ddc _cBK |
||
| 999 |
_c60871 _d60871 |
||